[Event "GER-chT Christmas U16 Steinitz"]
[Site "Playchess.com INT"]
[Date "2020.12.28"]
[Round "3.3"]
[White "Sohr, Jim"]
[Black "Pohle, Saskia"]
[Result "0-1"]
[WhiteElo "1726"]
[BlackElo "1815"]
[PlyCount "64"]
[EventDate "2020.12.28"]
[EventType "team-swiss (blitz)"]
[EventRounds "7"]
[EventCountry "GER"]
[SourceTitle "CBM 200 Extra"]
[Source "ChessBase"]
[SourceDate "2021.03.31"]
[SourceVersion "1"]
[SourceVersionDate "2021.03.31"]
[SourceQuality "1"]
[WhiteTeam "Koenigsjaeger Sued West"]
[BlackTeam "Magdeburg Schachzwerge"]
[WhiteTeamCountry "GER"]
[BlackTeamCountry "GER"]

1. d4 Nf6 2. c4 g6 3. Nc3 d5 4. cxd5 Nxd5 5. e4 Nxc3 6. bxc3 Bg7 7. Qa4+ Nd7 8. Nf3 0-0 9. Be2 c5 10. Be3 Nf6 11. Qc2 Qc7 12. e5 Nd5 13. 0-0 cxd4 14. Bxd4 Nf4 15. Rac1 Bf5 16. Qb2 Bd3 17. Bxd3 Nxd3 18. Qb3 Nxc1 19. Rxc1 b6 20. e6 f6 21. Qb2 Rfd8 22. c4 Qc6 23. Ng5 Bh6 24. Nf7 Bxc1 25. Nxd8 Rxd8 26. Qc3 Bg5 27. f4 Bxf4 28. Bxf6 exf6 29. Qxf6 Qc5+ 30. Kf1 Rd1+ 31. Ke2 Qe3+ 32. Kxd1 Qd2# 0-1